[Event "Tradewise Gibraltar Masters 16th"]
[Site "Gibraltar"]
[Date "2018.01.26"]
[Round "4.135"]
[White "Bullock, Lee"]
[Black "Van De Groep, William"]
[Result "0-1"]
[WhiteElo "1572"]
[BlackElo "1972"]
[PlyCount "73"]
[EventDate "2018.01.23"]
[EventType "swiss"]
[EventRounds "10"]
[EventCountry "GGB"]
[SourceTitle "BritBase"]
[Source "www.saund.co.uk"]
[SourceDate "2018.02.10"]
[SourceVersion "1"]
[SourceVersionDate "2018.02.10"]
[SourceQuality "1"]

1. d4 f5 2. Bf4 Nf6 3. e3 e6 4. Nd2 Be7 5. Ngf3 O-O 6. c3 d5 7. Bd3 Nbd7 8. Qc2
c5 9. b3 Ne4 10. Ne5 Nxe5 11. Bxe5 Bf6 12. Nf3 Bd7 13. h3 Qa5 14. Bxe4 fxe4 15.
Bxf6 gxf6 16. Nh4 cxd4 17. exd4 Rac8 18. Rc1 Bb5 19. b4 Qc7 20. a4 Bd3 21. Qd1
Qd7 22. g4 Kh8 23. f4 Qc7 24. Qd2 Qg7 25. Rg1 Qh6 26. Qf2 e5 27. dxe5 fxe5 28.
g5 Qh5 29. f5 e3 30. Qxe3 Qxh4+ 31. Kd1 Bxf5 32. Qxe5+ Kg8 33. Qxd5+ Rf7 34. c4
Rcc7 35. Qb5 Qd4+ 36. Ke2 Rce7+ 37. Kf3 0-1

[Event "Tradewise Gibraltar Masters 16th"]
[Site "Gibraltar"]
[Date "2018.01.27"]
[Round "5.2"]
[White "Gledura, Benjamin"]
[Black "Vachier-Lagrave, Maxime"]
[Result "1/2-1/2"]
[WhiteElo "2612"]
[BlackElo "2793"]
[PlyCount "62"]
[EventDate "2018.01.23"]
[EventType "swiss"]
[EventRounds "10"]
[EventCountry "GGB"]
[SourceTitle "BritBase"]
[Source "www.saund.co.uk"]
[SourceDate "2018.02.10"]
[SourceVersion "1"]
[SourceVersionDate "2018.02.10"]
[SourceQuality "1"]

1. Nf3 c5 2. c4 Nc6 3. Nc3 e5 4. g3 g6 5. Bg2 Bg7 6. O-O Nge7 7. a3 O-O 8. d3
d6 9. Rb1 a5 10. Bd2 Rb8 11. Qa4 Be6 12. Nb5 d5 13. cxd5 Bxd5 14. Nc3 Be6 15.
Ng5 Bf5 16. Nge4 b6 17. Nxc5 bxc5 18. Bxc6 Nxc6 19. Qxc6 Rc8 20. Qf3 c4 21. e4
Be6 22. Rfd1 cxd3 23. Be1 Bc4 24. b3 Ba6 25. b4 axb4 26. axb4 Bc4 27. Nd5 f5
28. Rxd3 fxe4 29. Qxe4 Bxd3 30. Qxd3 Rf7 31. Qb3 Kh8 1/2-1/2

[Event "Tradewise Gibraltar Masters 16th"]
[Site "Gibraltar"]
[Date "2018.01.27"]
[Round "5.3"]
[White "Howell, David W L"]
[Black "Svane, Rasmus"]
[Result "1-0"]
[WhiteElo "2682"]
[BlackElo "2595"]
[PlyCount "81"]
[EventDate "2018.01.23"]
[EventType "swiss"]
[EventRounds "10"]
[EventCountry "GGB"]
[SourceTitle "BritBase"]
[Source "www.saund.co.uk"]
[SourceDate "2018.02.10"]
[SourceVersion "1"]
[SourceVersionDate "2018.02.10"]
[SourceQuality "1"]

1. e4 e6 2. d4 d5 3. exd5 exd5 4. Nf3 Nf6 5. Bd3 Bd6 6. Qe2+ Be7 7. O-O O-O 8.
Re1 Nc6 9. c3 Re8 10. Bg5 Bg4 11. h3 Bh5 12. Nbd2 a6 13. Qf1 Bg6 14. Re3 Nh5
15. Rae1 Qd7 16. Bxe7 Rxe7 17. Rxe7 Nxe7 18. Ne5 Qd6 19. Ndf3 Nf4 20. Nxg6 hxg6
21. Bc2 Qf6 22. h4 Nf5 23. g3 Ne6 24. Qd3 Nd6 25. Ne5 Nf8 26. Ng4 Qd8 27. Kg2
Qd7 28. Qf3 Re8 29. Ne5 Qb5 30. b3 Qa5 31. a4 c6 32. h5 gxh5 33. Qxh5 f6 34.
Nc4 Qc7 35. Rxe8 Nxe8 36. Qxe8 dxc4 37. bxc4 Qd7 38. Qxd7 Nxd7 39. c5 b5 40.
Bf5 Nb8 41. a5 1-0

[Event "Tradewise Gibraltar Masters 16th"]
[Site "Gibraltar"]
[Date "2018.01.27"]
[Round "5.4"]
[White "Sutovsky, Emil"]
[Black "Antipov, Mikhail Al"]
[Result "0-1"]
[WhiteElo "2673"]
[BlackElo "2588"]
[PlyCount "88"]
[EventDate "2018.01.23"]
[EventType "swiss"]
[EventRounds "10"]
[EventCountry "GGB"]
[SourceTitle "BritBase"]
[Source "www.saund.co.uk"]
[SourceDate "2018.02.10"]
[SourceVersion "1"]
[SourceVersionDate "2018.02.10"]
[SourceQuality "1"]

1. e4 e6 2. d4 d5 3. Nc3 Bb4 4. e5 Qd7 5. a3 Bxc3+ 6. bxc3 b6 7. a4 Ba6 8. Bxa6
Nxa6 9. Qd3 Nb8 10. a5 Ne7 11. Nf3 Nbc6 12. axb6 cxb6 13. Ba3 Na5 14. Nd2 Rc8
15. O-O Nf5 16. g4 Nh4 17. Qg3 Qd8 18. f4 h5 19. h3 hxg4 20. hxg4 Nc4 21. Nxc4
Rxc4 22. f5 Qc8 23. fxe6 Qxe6 24. Bd6 a5 25. Rab1 Rc6 26. c4 Qh6 27. Qf4 Qxf4
28. Rxf4 Ng6 29. Rf2 Rxc4 30. c3 Rh4 31. Rxb6 Rxg4+ 32. Kh2 Rh4+ 33. Kg2 Rg4+
34. Kf1 Rxc3 35. Rb8+ Kd7 36. Rxf7+ Ke6 37. Rxg7 Kf5 38. Rf7+ Ke4 39. Rb2 Rc1+
40. Kf2 Nf4 41. Rxf4+ Rxf4+ 42. Kg2 Rg4+ 43. Kf2 Rcg1 44. Re2+ Kxd4 0-1

[Event "Tradewise Gibraltar Masters 16th"]
[Site "Gibraltar"]
[Date "2018.01.27"]
[Round "5.5"]
[White "Moussard, Jules"]
[Black "Saric, Ivan"]
[Result "1/2-1/2"]
[WhiteElo "2571"]
[BlackElo "2664"]
[PlyCount "77"]
[EventDate "2018.01.23"]
[EventType "swiss"]
[EventRounds "10"]
[EventCountry "GGB"]
[SourceTitle "BritBase"]
[Source "www.saund.co.uk"]
[SourceDate "2018.02.10"]
[SourceVersion "1"]
[SourceVersionDate "2018.02.10"]
[SourceQuality "1"]

1. g3 d5 2. Bg2 c6 3. f4 h5 4. Nf3 Bg4 5. Ne5 Nf6 6. d3 Nbd7 7. Nd2 Qc7 8. Nxd7
Bxd7 9. Nf3 O-O-O 10. c3 e6 11. Qc2 c5 12. Bd2 Be7 13. O-O-O Be8 14. Kb1 Rd6
15. e4 Ra6 16. c4 d4 17. f5 Ng4 18. Rde1 exf5 19. exf5 Bf6 20. h3 Ne3 21. Bxe3
dxe3 22. Rxe3 Ba4 23. Qe2 Bc6 24. Re1 Qa5 25. b3 Bxf3 26. Bxf3 Rd8 27. Qc2 Rb6
28. Re8 Qa3 29. Rxd8+ Kxd8 30. Bd1 a5 31. Re2 a4 32. Qc1 Qb4 33. Qd2 axb3 34.
axb3 Ra6 35. Qxb4 Ra1+ 36. Kc2 cxb4 37. Re4 Ra2+ 38. Kc1 Ra1+ 39. Kc2 1/2-1/2

[Event "Tradewise Gibraltar Masters 16th"]
[Site "Gibraltar"]
[Date "2018.01.27"]
[Round "5.6"]
[White "Navara, David"]
[Black "Esipenko, Andrey"]
[Result "1-0"]
[WhiteElo "2749"]
[BlackElo "2571"]
[PlyCount "85"]
[EventDate "2018.01.23"]
[EventType "swiss"]
[EventRounds "10"]
[EventCountry "GGB"]
[SourceTitle "BritBase"]
[Source "www.saund.co.uk"]
[SourceDate "2018.02.10"]
[SourceVersion "1"]
[SourceVersionDate "2018.02.10"]
[SourceQuality "1"]

1. e4 c6 2. d4 d5 3. e5 Bf5 4. Nf3 e6 5. Be2 c5 6. Be3 Qb6 7. c4 Qxb2 8. O-O
Ne7 9. Qb3 Qxb3 10. axb3 Bxb1 11. Rfxb1 Nf5 12. cxd5 exd5 13. Bb5+ Nc6 14. Rc1
Be7 15. dxc5 a6 16. Bxc6+ bxc6 17. Bd2 h5 18. h3 h4 19. Ra5 Kd7 20. Rca1 Kc7
21. R1a4 Rhb8 22. e6 Rxb3 23. exf7 Rf8 24. Bb4 Bf6 25. Rxa6 Kd7 26. Rb6 Nd4 27.
Nxd4 Bxd4 28. Ba3 Rd3 29. Kf1 Rd2 30. Ra7+ Ke6 31. Rxc6+ Kf5 32. Rd6 Ke4 33.
Re7+ Kd3 34. Rxd5 Rxf2+ 35. Ke1 Ra2 36. Bc1 Rxg2 37. Rxd4+ Kxd4 38. c6 Rg1+ 39.
Kd2 Rg2+ 40. Kd1 Kc3 41. c7 Rf2 42. Re8 Kd3 43. Rd8+ 1-0

[Event "Tradewise Gibraltar Masters 16th"]
[Site "Gibraltar"]
[Date "2018.01.27"]
[Round "5.7"]
[White "Aronian, Levon"]
[Black "Huzman, Alexander"]
[Result "1/2-1/2"]
[WhiteElo "2797"]
[BlackElo "2561"]
[PlyCount "63"]
[EventDate "2018.01.23"]
[EventType "swiss"]
[EventRounds "10"]
[EventCountry "GGB"]
[SourceTitle "BritBase"]
[Source "www.saund.co.uk"]
[SourceDate "2018.02.10"]
[SourceVersion "1"]
[SourceVersionDate "2018.02.10"]
[SourceQuality "1"]

1. c4 Nf6 2. Nc3 c5 3. g3 g6 4. Bg2 Bg7 5. e4 Nc6 6. Nge2 O-O 7. O-O Ne8 8. d3
Nc7 9. Be3 Ne6 10. Qd2 Ned4 11. Bh6 d6 12. Bxg7 Kxg7 13. f4 Rb8 14. Nxd4 Nxd4
15. f5 b5 16. cxb5 Nxb5 17. g4 Nd4 18. Rf2 f6 19. h4 h6 20. Re1 g5 21. hxg5
hxg5 22. e5 dxe5 23. Rxe5 Qc7 24. Re3 Bb7 25. Qe1 Rbe8 26. Bxb7 Qxb7 27. Qf1
Rh8 28. Qg2 Qc7 29. Qg3 Qc6 30. Qg2 Qc7 31. Qg3 Qc6 32. Qg2 1/2-1/2

[Event "Tradewise Gibraltar Masters 16th"]
[Site "Gibraltar"]
[Date "2018.01.27"]
[Round "5.8"]
[White "Harikrishna, Pentala"]
[Black "Grigoriants, Sergey"]
[Result "1-0"]
[WhiteElo "2745"]
[BlackElo "2568"]
[PlyCount "109"]
[EventDate "2018.01.23"]
[EventType "swiss"]
[EventRounds "10"]
[EventCountry "GGB"]
[SourceTitle "BritBase"]
[Source "www.saund.co.uk"]
[SourceDate "2018.02.10"]
[SourceVersion "1"]
[SourceVersionDate "2018.02.10"]
[SourceQuality "1"]

1. e4 e5 2. Nf3 Nc6 3. Bb5 Nf6 4. O-O Nxe4 5. d4 Nd6 6. Bxc6 dxc6 7. dxe5 Nf5
8. Qxd8+ Kxd8 9. Nc3 h6 10. h3 Ne7 11. Be3 Ng6 12. Rad1+ Ke8 13. a3 Be7 14.
Rfe1 h5 15. Nd4 h4 16. Bc1 Rh5 17. e6 fxe6 18. Nxe6 Bxe6 19. Rxe6 Kf7 20. Ree1
Rd8 21. Rxd8 Bxd8 22. Rd1 Ke8 23. Be3 Bf6 24. Bd4 Rf5 25. Kf1 Be5 26. Re1 Kf7
27. Re4 Bd6 28. Ne2 c5 29. Bc3 b5 30. Ng1 Nf4 31. Bd2 Ne6 32. Nf3 g5 33. c4 c6
34. b3 a6 35. Be3 Bc7 36. Bd2 Bd6 37. Ke2 Bc7 38. Rg4 Bf4 39. Bxf4 Nxf4+ 40.
Ke3 Ne6 41. g3 hxg3 42. fxg3 Ke7 43. Ke4 Rf8 44. Nxg5 Nd4 45. cxb5 axb5 46. b4
Ra8 47. bxc5 Nb3 48. Kf5 Nxc5 49. h4 Nd7 50. Re4+ Kd6 51. Nf7+ Kd5 52. Re3 Kd4
53. Re6 Nf8 54. Rd6+ Kc5 55. Rd3 1-0

[Event "Tradewise Gibraltar Masters 16th"]
[Site "Gibraltar"]
[Date "2018.01.27"]
[Round "5.9"]
[White "Le, Quang Liem"]
[Black "Deac, Bogdan-Daniel"]
[Result "1/2-1/2"]
[WhiteElo "2737"]
[BlackElo "2549"]
[PlyCount "135"]
[EventDate "2018.01.23"]
[EventType "swiss"]
[EventRounds "10"]
[EventCountry "GGB"]
[SourceTitle "BritBase"]
[Source "www.saund.co.uk"]
[SourceDate "2018.02.10"]
[SourceVersion "1"]
[SourceVersionDate "2018.02.10"]
[SourceQuality "1"]

1. d4 Nf6 2. c4 e6 3. Nf3 d5 4. Nc3 a6 5. cxd5 exd5 6. Bg5 Be6 7. e3 Nbd7 8. h3
Bd6 9. Bd3 c6 10. O-O Qc7 11. Qd2 O-O 12. Rfe1 Rfe8 13. Bf4 Nb6 14. Bxd6 Qxd6
15. Ne5 Nc4 16. Nxc4 dxc4 17. Bf1 Rad8 18. Rad1 b5 19. e4 Qc7 20. g3 Bc8 21. e5
Nd5 22. Ne4 Be6 23. b3 cxb3 24. axb3 a5 25. Nd6 Rf8 26. Rc1 Qb6 27. Bg2 Ra8 28.
Rc5 a4 29. bxa4 bxa4 30. Nc4 Qb4 31. Rxc6 Qxd2 32. Nxd2 Rfd8 33. Ra1 Ra7 34.
Be4 g6 35. Ra3 Ne7 36. Rd6 Rxd6 37. exd6 Nc8 38. Bc6 Nxd6 39. g4 Ra6 40. d5 Kf8
41. dxe6 Rxc6 42. Rxa4 fxe6 43. Ra7 Nf7 44. Ne4 e5 45. h4 h6 46. Kg2 Nd6 47.
Nf6 Nf7 48. Nd5 Rd6 49. Ne3 Re6 50. Nc4 Rf6 51. Kg3 Re6 52. Kf3 Rf6+ 53. Ke3 g5
54. h5 Rf4 55. Rc7 e4 56. Ke2 Kg8 57. Ra7 Kf8 58. Ra8+ Kg7 59. Ne3 Ne5 60. Nf5+
Kh7 61. Ra7+ Kh8 62. Nxh6 Nxg4 63. Nxg4 Rxg4 64. h6 Rf4 65. Rg7 Rf5 66. Re7 Rf4
67. Re5 Rg4 68. Ke3 1/2-1/2

[Event "Tradewise Gibraltar Masters 16th"]
[Site "Gibraltar"]
[Date "2018.01.27"]
[Round "5.10"]
[White "Peralta, Fernando"]
[Black "Vitiugov, Nikita"]
[Result "0-1"]
[WhiteElo "2559"]
[BlackElo "2732"]
[PlyCount "92"]
[EventDate "2018.01.23"]
[EventType "swiss"]
[EventRounds "10"]
[EventCountry "GGB"]
[SourceTitle "BritBase"]
[Source "www.saund.co.uk"]
[SourceDate "2018.02.10"]
[SourceVersion "1"]
[SourceVersionDate "2018.02.10"]
[SourceQuality "1"]

1. d4 Nf6 2. c4 e6 3. Nc3 Bb4 4. e3 O-O 5. Bd3 c5 6. Nf3 b6 7. d5 h6 8. e4 exd5
9. cxd5 Re8 10. O-O d6 11. Re1 Bg4 12. h3 Bxf3 13. Qxf3 Nbd7 14. Qd1 a6 15. a3
Ba5 16. Re3 Ne5 17. Bc2 b5 18. Ne2 Nc4 19. Rg3 Nh5 20. Rf3 Ne5 21. Rf5 Nf6 22.
Ng3 g6 23. Rf4 Nfd7 24. a4 c4 25. Ra3 b4 26. Re3 Bb6 27. Nf5 Bxe3 28. Nxh6+ Kg7
29. Bxe3 Rh8 30. Ng4 b3 31. Bb1 Rh4 32. Bd4 f6 33. Qd2 Nxg4 34. Rxg4 Rxg4 35.
hxg4 Ne5 36. f4 Nxg4 37. Qe2 Qd7 38. e5 dxe5 39. fxe5 Nxe5 40. Bxe5 Qe7 41. Qg4
Qxe5 42. Qxg6+ Kf8 43. d6 Qe1+ 44. Kh2 Qh4+ 45. Kg1 Re8 46. g3 Qg5 0-1

[Event "Tradewise Gibraltar Masters 16th"]
[Site "Gibraltar"]
[Date "2018.01.27"]
[Round "5.11"]
[White "Ivanchuk, Vassily"]
[Black "Baron, Tal"]
[Result "1-0"]
[WhiteElo "2726"]
[BlackElo "2548"]
[PlyCount "55"]
[EventDate "2018.01.23"]
[EventType "swiss"]
[EventRounds "10"]
[EventCountry "GGB"]
[SourceTitle "BritBase"]
[Source "www.saund.co.uk"]
[SourceDate "2018.02.10"]
[SourceVersion "1"]
[SourceVersionDate "2018.02.10"]
[SourceQuality "1"]

1. d4 Nf6 2. c4 g6 3. g3 c5 4. Nf3 Bg7 5. Bg2 cxd4 6. Nxd4 O-O 7. Nc2 Nc6 8.
Nc3 d6 9. Bd2 Rb8 10. b3 Qd7 11. Rc1 b6 12. O-O Bb7 13. e4 a6 14. Qe2 Rfc8 15.
Rfd1 Ba8 16. h3 Na7 17. Nb4 a5 18. Nbd5 Re8 19. Be3 Qd8 20. f4 Nd7 21. Bf2 Bc6
22. Kh2 Nc5 23. e5 dxe5 24. fxe5 Ba8 25. e6 Bxd5 26. Rxd5 Qc7 27. Bxc5 bxc5 28.
Rd7 1-0

[Event "Tradewise Gibraltar Masters 16th"]
[Site "Gibraltar"]
[Date "2018.01.27"]
[Round "5.12"]
[White "Wang, Hao"]
[Black "Mikhalevski, Victor"]
[Result "1-0"]
[WhiteElo "2711"]
[BlackElo "2538"]
[PlyCount "97"]
[EventDate "2018.01.23"]
[EventType "swiss"]
[EventRounds "10"]
[EventCountry "GGB"]
[SourceTitle "BritBase"]
[Source "www.saund.co.uk"]
[SourceDate "2018.02.10"]
[SourceVersion "1"]
[SourceVersionDate "2018.02.10"]
[SourceQuality "1"]

1. Nf3 Nf6 2. c4 g6 3. Nc3 d5 4. cxd5 Nxd5 5. Qb3 Nb6 6. d4 Bg7 7. Bf4 Be6 8.
Qa3 c5 9. Qxc5 Nc6 10. e4 Rc8 11. Qa3 Nxd4 12. O-O-O O-O 13. e5 Nc4 14. Qxa7
Nb5 15. Rxd8 Nxa7 16. Rxc8 Rxc8 17. Nd4 Nxe5 18. Nxe6 fxe6 19. Kb1 Nc4 20. Bxc4
Rxc4 21. Bd2 Bd4 22. f3 Nc8 23. Re1 e5 24. b3 Rc6 25. Nb5 Kf7 26. Re4 Re6 27.
Kc2 Nd6 28. Nxd4 exd4 29. Rf4+ Ke8 30. Rxd4 Nf5 31. Re4 Rc6+ 32. Bc3 Nd6 33.
Re5 h5 34. a4 Kd7 35. Rd5 Ke6 36. Rg5 Kf7 37. Re5 Nf5 38. b4 Rc8 39. a5 h4 40.
Rc5 Rxc5 41. bxc5 Ne3+ 42. Kd3 Nd5 43. c6 bxc6 44. a6 Nc7 45. a7 h3 46. gxh3
Ke8 47. Kc4 Kd7 48. Be5 Na8 49. Kc5 1-0

[Event "Tradewise Gibraltar Masters 16th"]
[Site "Gibraltar"]
[Date "2018.01.27"]
[Round "5.13"]
[White "Perez Ponsa, Federico"]
[Black "Adams, Michael"]
[Result "1/2-1/2"]
[WhiteElo "2553"]
[BlackElo "2709"]
[PlyCount "60"]
[EventDate "2018.01.23"]
[EventType "swiss"]
[EventRounds "10"]
[EventCountry "GGB"]
[SourceTitle "BritBase"]
[Source "www.saund.co.uk"]
[SourceDate "2018.02.10"]
[SourceVersion "1"]
[SourceVersionDate "2018.02.10"]
[SourceQuality "1"]

1. e4 e5 2. Nf3 Nc6 3. Bb5 a6 4. Ba4 d6 5. c3 Bd7 6. d4 Nf6 7. O-O g6 8. Re1 b5
9. Bc2 Bg7 10. Nbd2 O-O 11. dxe5 Nxe5 12. Nxe5 dxe5 13. Nb3 Qe7 14. Be3 Rfd8
15. Qf3 h5 16. h3 Nh7 17. Nc5 Bc6 18. Bb3 Bf6 19. Bd5 Bxd5 20. exd5 Ng5 21.
Bxg5 Bxg5 22. Nd3 Qf6 23. Nxe5 Qxf3 24. Nxf3 Rxd5 25. Nxg5 Rxg5 26. Rad1 c5 27.
Re7 c4 28. Rdd7 Rf5 29. Kf1 Kf8 30. h4 a5 1/2-1/2

[Event "Tradewise Gibraltar Masters 16th"]
[Site "Gibraltar"]
[Date "2018.01.27"]
[Round "5.14"]
[White "Rapport, Richard"]
[Black "Dvirnyy, Danyyil"]
[Result "1-0"]
[WhiteElo "2700"]
[BlackElo "2534"]
[PlyCount "71"]
[EventDate "2018.01.23"]
[EventType "swiss"]
[EventRounds "10"]
[EventCountry "GGB"]
[SourceTitle "BritBase"]
[Source "www.saund.co.uk"]
[SourceDate "2018.02.10"]
[SourceVersion "1"]
[SourceVersionDate "2018.02.10"]
[SourceQuality "1"]

1. Nf3 d5 2. d4 Nf6 3. c4 c6 4. Qb3 dxc4 5. Qxc4 Bf5 6. g3 e6 7. Bg2 Nbd7 8.
O-O Be7 9. e3 O-O 10. Rd1 h6 11. Qe2 Qc7 12. Nc3 Ne4 13. Bd2 Rad8 14. Rac1 Rfe8
15. Be1 Nxc3 16. Bxc3 Be4 17. Bf1 c5 18. Nd2 Bc6 19. Nb3 b6 20. e4 Bg5 21. f4
Be7 22. Bg2 Ba4 23. Kh1 c4 24. Bd2 b5 25. Rf1 Bxb3 26. axb3 Nb6 27. bxc4 bxc4
28. Be3 Qd7 29. g4 Rb8 30. g5 Na4 31. gxh6 g6 32. Qg4 Rb3 33. Bg1 Bf8 34. f5
exf5 35. exf5 Nxb2 36. fxg6 1-0

[Event "Tradewise Gibraltar Masters 16th"]
[Site "Gibraltar"]
[Date "2018.01.27"]
[Round "5.15"]
[White "Pichot, Alan"]
[Black "Cheparinov, Ivan"]
[Result "0-1"]
[WhiteElo "2552"]
[BlackElo "2699"]
[PlyCount "56"]
[EventDate "2018.01.23"]
[EventType "swiss"]
[EventRounds "10"]
[EventCountry "GGB"]
[SourceTitle "BritBase"]
[Source "www.saund.co.uk"]
[SourceDate "2018.02.10"]
[SourceVersion "1"]
[SourceVersionDate "2018.02.10"]
[SourceQuality "1"]

1. e4 c5 2. Nf3 d6 3. d4 cxd4 4. Nxd4 Nf6 5. Nc3 a6 6. Bg5 e6 7. f4 h6 8. Bh4
Qb6 9. Qd2 Qxb2 10. Rb1 Qa3 11. e5 dxe5 12. fxe5 g5 13. exf6 gxh4 14. Be2 Qa5
15. O-O h3 16. Bf3 Nd7 17. Kh1 Ne5 18. Rfe1 Nxf3 19. gxf3 Rg8 20. Nxe6 fxe6 21.
Rxb7 Rg1+ 22. Kxg1 Qc5+ 23. Kh1 Bxb7 24. Rxe6+ Kf7 25. Qd7+ Kg8 26. f7+ Kg7 27.
Qd3 Qg5 28. Qd4+ Kxf7 0-1

[Event "Tradewise Gibraltar Masters 16th"]
[Site "Gibraltar"]
[Date "2018.01.27"]
[Round "5.16"]
[White "Lei, Tingjie"]
[Black "Gelfand, Boris"]
[Result "1/2-1/2"]
[WhiteElo "2531"]
[BlackElo "2697"]
[PlyCount "120"]
[EventDate "2018.01.23"]
[EventType "swiss"]
[EventRounds "10"]
[EventCountry "GGB"]
[SourceTitle "BritBase"]
[Source "www.saund.co.uk"]
[SourceDate "2018.02.10"]
[SourceVersion "1"]
[SourceVersionDate "2018.02.10"]
[SourceQuality "1"]

1. d4 Nf6 2. c4 e6 3. Nf3 d5 4. Nc3 c6 5. e3 Nbd7 6. Qc2 Bd6 7. b3 O-O 8. Be2
b6 9. O-O Bb7 10. Bb2 Qe7 11. Rad1 Rad8 12. Rfe1 Rfe8 13. Bf1 e5 14. dxe5 Nxe5
15. Nxe5 Bxe5 16. cxd5 Qc5 17. Qd2 h6 18. Rc1 Nxd5 19. Nxd5 Qxd5 20. Qxd5 Rxd5
21. Bxe5 Rexe5 22. Red1 Kf8 23. g3 c5 24. Rxd5 Rxd5 25. Bg2 Rd7 26. Bxb7 Rxb7
27. Kf1 Ke7 28. Ke2 Kd6 29. a4 Kc6 30. Kd3 Rd7+ 31. Kc3 g5 32. f4 gxf4 33. exf4
Re7 34. Kd3 f5 35. h3 h5 36. g4 hxg4 37. hxg4 fxg4 38. Rg1 Rd7+ 39. Ke4 Rd4+
40. Ke5 Rd3 41. f5 Re3+ 42. Kf6 Rxb3 43. Kg7 Rf3 44. f6 c4 45. f7 Kd5 46. Rg3
Rf4 47. f8=Q Rxf8 48. Kxf8 a6 49. Rxg4 c3 50. Ke7 b5 51. axb5 axb5 52. Rg5+ Kc4
53. Kd6 b4 54. Rg4+ Kb5 55. Rg5+ Ka4 56. Rc5 Kb3 57. Kd5 Kb2 58. Kc4 c2 59.
Kxb4 c1=Q 60. Rxc1 Kxc1 1/2-1/2

[Event "Tradewise Gibraltar Masters 16th"]
[Site "Gibraltar"]
[Date "2018.01.27"]
[Round "5.17"]
[White "Lalith, Babu M R"]
[Black "Dubov, Daniil"]
[Result "0-1"]
[WhiteElo "2542"]
[BlackElo "2694"]
[PlyCount "52"]
[EventDate "2018.01.23"]
[EventType "swiss"]
[EventRounds "10"]
[EventCountry "GGB"]
[SourceTitle "BritBase"]
[Source "www.saund.co.uk"]
[SourceDate "2018.02.10"]
[SourceVersion "1"]
[SourceVersionDate "2018.02.10"]
[SourceQuality "1"]

1. c4 e5 2. Nc3 Nf6 3. g3 d5 4. cxd5 Nxd5 5. Bg2 Nxc3 6. bxc3 Nc6 7. d3 Bc5 8.
e3 O-O 9. Ne2 Qf6 10. O-O Re8 11. d4 Bb6 12. h3 Bd7 13. Bd2 Rad8 14. Nc1 Na5
15. Nb3 Ba4 16. Rb1 Nc4 17. Bc1 Qg6 18. Bb2 c5 19. Qc1 h5 20. h4 Bc6 21. Ba3
exd4 22. cxd4 Nxe3 23. fxe3 Qxg3 24. Rf2 Bc7 25. Nd2 Bxg2 26. Rxg2 Qxe3+ 0-1

[Event "Tradewise Gibraltar Masters 16th"]
[Site "Gibraltar"]
[Date "2018.01.27"]
[Round "5.18"]
[White "Antal, Gergely"]
[Black "Short, Nigel D"]
[Result "1-0"]
[WhiteElo "2522"]
[BlackElo "2681"]
[PlyCount "144"]
[EventDate "2018.01.23"]
[EventType "swiss"]
[EventRounds "10"]
[EventCountry "GGB"]
[SourceTitle "BritBase"]
[Source "www.saund.co.uk"]
[SourceDate "2018.02.10"]
[SourceVersion "1"]
[SourceVersionDate "2018.02.10"]
[SourceQuality "1"]

1. e4 e6 2. d4 d5 3. Nd2 c5 4. exd5 exd5 5. Ngf3 Nf6 6. Bb5+ Bd7 7. Bxd7+ Nbxd7
8. O-O Be7 9. dxc5 Nxc5 10. Nb3 Nce4 11. Nfd4 Qd7 12. f3 Nd6 13. Nc5 Qc7 14.
Nd3 O-O 15. Be3 Rfe8 16. Bf2 a6 17. Re1 g6 18. Qd2 Rac8 19. Re2 Nc4 20. Qf4
Qxf4 21. Nxf4 Nxb2 22. Rxe7 Rxe7 23. Bh4 Rce8 24. Bxf6 Re1+ 25. Rxe1 Rxe1+ 26.
Kf2 Ra1 27. Nxd5 Rxa2 28. Ne3 Nd3+ 29. Ke2 Nc5 30. Kd2 Nd7 31. Be7 f5 32. Bd6
Ra1 33. Nb3 Rg1 34. Ke2 Kf7 35. Bg3 b5 36. Be1 f4 37. Bf2 Rh1 38. Nf1 Ke6 39.
Be1 Kd5 40. Kf2 Ne5 41. Bd2 g5 42. Bc3 Nc4 43. Bf6 h6 44. Bg7 Ne3 45. Nxe3+
fxe3+ 46. Kxe3 Rxh2 47. Kf2 Rh1 48. Ke3 h5 49. Bf6 g4 50. fxg4 hxg4 51. Bc3 Rf1
52. Ke2 Rf7 53. Ba5 Rf6 54. Ke3 Rc6 55. Kd3 Rc4 56. Nd2 Rd4+ 57. Ke3 Ra4 58.
Nb3 Rc4 59. Kd3 b4 60. Nd2 Rc3+ 61. Ke2 Rxc2 62. Bxb4 Kd4 63. Ba5 Rc6 64. Nf1
Re6+ 65. Kf2 Rf6+ 66. Ke2 Rg6 67. Kf2 Rg5 68. Bb6+ Ke4 69. Kg3 Rg8 70. Nd2+ Kf5
71. Nc4 Rb8 72. Kh4 Rh8+ 1-0

[Event "Tradewise Gibraltar Masters 16th"]
[Site "Gibraltar"]
[Date "2018.01.27"]
[Round "5.19"]
[White "Akobian, Varuzhan"]
[Black "Kollars, Dmitrij"]
[Result "1/2-1/2"]
[WhiteElo "2647"]
[BlackElo "2505"]
[PlyCount "88"]
[EventDate "2018.01.23"]
[EventType "swiss"]
[EventRounds "10"]
[EventCountry "GGB"]
[SourceTitle "BritBase"]
[Source "www.saund.co.uk"]
[SourceDate "2018.02.10"]
[SourceVersion "1"]
[SourceVersionDate "2018.02.10"]
[SourceQuality "1"]

1. d4 d5 2. c4 e6 3. Nc3 Bb4 4. e3 Nf6 5. a3 Bxc3+ 6. bxc3 c6 7. a4 O-O 8. a5
c5 9. Nf3 Nc6 10. Qa4 Bd7 11. Qa3 b6 12. a6 cxd4 13. cxd4 Rc8 14. cxd5 Nxd5 15.
Bd2 Qf6 16. e4 Nde7 17. Qe3 e5 18. d5 Nd4 19. Bd3 Nef5 20. Qg5 Nxf3+ 21. gxf3
Qxg5 22. Bxg5 Nd4 23. Be7 Rfe8 24. Bd6 Nxf3+ 25. Ke2 Nd4+ 26. Ke3 f5 27. Bxe5
fxe4 28. Bxe4 Nf5+ 29. Bxf5 Rxe5+ 30. Be4 Rce8 31. f3 Rxd5 32. Rhc1 Bb5 33. Kf4
Rd7 34. Rcb1 Bc4 35. Kg3 Bd5 36. Rd1 Red8 37. Rac1 Bxe4 38. Rxd7 Rxd7 39. fxe4
Kf7 40. Kf4 Ke6 41. Rc6+ Rd6 42. Rc7 Rd7 43. Rc6+ Rd6 44. Rc7 Rd7 1/2-1/2

[Event "Tradewise Gibraltar Masters 16th"]
[Site "Gibraltar"]
[Date "2018.01.27"]
[Round "5.20"]
[White "Grandelius, Nils"]
[Black "Debashis, Das"]
[Result "1/2-1/2"]
[WhiteElo "2647"]
[BlackElo "2501"]
[PlyCount "60"]
[EventDate "2018.01.23"]
[EventType "swiss"]
[EventRounds "10"]
[EventCountry "GGB"]
[SourceTitle "BritBase"]
[Source "www.saund.co.uk"]
[SourceDate "2018.02.10"]
[SourceVersion "1"]
[SourceVersionDate "2018.02.10"]
[SourceQuality "1"]

1. e4 c5 2. Nf3 d6 3. d4 cxd4 4. Nxd4 Nf6 5. Nc3 a6 6. Be2 e5 7. Nf3 Be7 8. Bg5
Be6 9. Bxf6 Bxf6 10. O-O O-O 11. Nd5 Nd7 12. Bc4 b5 13. Bb3 a5 14. a4 bxa4 15.
Bxa4 Nb6 16. Bb3 a4 17. Nxb6 Qxb6 18. Rxa4 Rxa4 19. Bxa4 Qb4 20. Bb3 Bxb3 21.
cxb3 Qxe4 22. Qxd6 Rd8 23. Qc5 Qe2 24. Re1 Qxb2 25. b4 Rb8 26. h3 Qxb4 27. Qxb4
Rxb4 28. Nxe5 Bxe5 29. Rxe5 Rb1+ 30. Kh2 f6 1/2-1/2